| 000 | 01062nam a2200265 a 4500 | ||
|---|---|---|---|
| 001 | 84058 | ||
| 003 | BD-RjUL | ||
| 005 | 20241125093120.0 | ||
| 008 | 241002s2009 bg a|||| m||| 00| 0 eng d | ||
| 035 | _a(BD-RjUL)84058 | ||
| 040 |
_aBD-RjUL _beng _cBD-RjUL _dBD-RjUL |
||
| 041 | _aeng | ||
| 082 |
_223 _a809.13 _bADT 2009 |
||
| 100 |
_aAdhikari, Prodib Kumar _913652 |
||
| 245 | 1 | 0 |
_a T.S. Eliot and Shamsur Rahman : _bAn Exposition of Commonness / _cBy Prodib Kumar Adhikari ; _6Supervisor : Swarohish Sarker, Co-Supervisor : Rabeya Begum |
| 260 |
_aRajshahi : _bInstitute of Bangladesh Studies, University of Rajshahi, _c2009 |
||
| 300 |
_axii, 236 Leaves : _bill, ; _c29 cm. |
||
| 502 | _aThesis (M. Phil.) -- Institute of Bangladesh Studies, University of Rajshahi, 2009 | ||
| 504 | _aBibliography : Leaves [227]-236 | ||
| 650 |
_aLiterature _vT.S. Eliot _913653 |
||
| 700 |
_aSarker, Swarohish, Supervisor _913654 |
||
| 700 |
_aBegum, Rabeya, Co-Supervisor _913655 |
||
| 856 | _yhttp://rulrepository.ru.ac.bd/handle/123456789/1133 | ||
| 942 |
_2ddc _cTHE |
||
| 999 |
_c84058 _d84058 |
||